000 01056nam a2200253 i 4500
001 bg
100 1 _aZARZYCKI, Jan
245 1 0 _aEkologiczne podstawy kształtowania ekosystemów łąkowych Babiogórskiego Parku Narodowego =
_bEcological principles of meadow ecosystem management in the Babia Góra National Park, Western Carpathians /
_cJan Zarzycki ; Polska Akademia Nauk. Instytut Ochrony Przyrody.
260 _aKraków :
_bPAN. IOP,
_c1999.
300 _a97 s., [2] s. tabl., [3] k. tab. złoż. :
_bil. ;
_c24 cm.
490 1 _aStudia Naturae,
_x0081-6760 ;
_v45
500 _aStreszcz. ang.
504 _aBibliogr.
650 9 _aŁąki i pastwiska
_xekologia
_zPolska
651 9 _aBabia Góra
_xflora
_zPolska
710 0 _aPolska Akademia Nauk
_bInstytut Ochrony Przyrody
830 _aStudia Naturae,
_x0081-6760 ;
040 _cBPK
041 0 _apl
_ben
080 _a502.6:502.74:581.9:633.2](438)
942 _cKS
008 s pl f |000 0 pol
999 _c39373
_d39373
856 _uhttp://koha.tu.koszalin.pl/cgi-bin/koha/opac-detail.pl?biblionumber=39373
_yKatalog online BPK